Statystyki dla Wielki Quiz Muzyczny - Edycja Polska

Kliknij tutaj aby rozwiązać quiz!

Ogólne statystyki

  • Ten quiz został rozwiązany 118 razy
  • Średni wynik to 23 z 32

Statystyki odpowiedzi

Autor/Piosenka % poprawnych
Elektryczne Gitary - Co Ty Tutaj {Robisz}
97%
Marek Grechuta - Dni Których {Nie} {Znamy}
95%
2 plus 1 - Iść W Stronę {Słońca}
94%
Big Cyc - Facet To {Świnia}
94%
Czerwone Gitary - Kwiaty We {Włosach}
92%
Czesław Niemen - Sen o {Warszawie}
92%
Kombi - Słodkiego Miłego {Życia}
92%
Brathanki - Czerwone {Korale}
92%
Lady Pank - Kryzysowa {Narzeczona}
90%
Maryla Rodowicz - Ale To Już {Było}
89%
Maanam - Cykady Na {Cykladach}
86%
Kobranocka - Kocham Cię Jak {Irlandię}
84%
Urszula - Dmuchawce, Latawce, {Wiatr}
83%
Lombard - Szklana {Pogoda}
82%
O.N.A. - Kiedy Powiem Sobie {Dość}
79%
Bajm - Biała {Armia}
78%
Edyta Górniak & Mietek Szcześniak - Dumka Na {Dwa} {Serca}
75%
Krzysztof Krawczyk - Za Tobą Pójdę Jak Na {Bal}
74%
Perfect - Kołysanka Dla {Nieznajomej}
72%
Myslovitz - Długość Dźwięku {Samotności}
72%
Republika - Biała {Flaga}
69%
Łzy - {Narcyz} Się Nazywam
69%
IRA - Zdobyć Świata {Szczyt}
64%
Zbigniew Wodecki - Zacznij Od {Bacha}
63%
Ryszard Rynkowski - Wypijmy Za {Błędy}
58%
Justyna Steczowska - Dziewczyna {Szamana}
57%
Anna Jantar - Radość Najpiękniejszych {Lat}
55%
Budka Suflera - Za Ostatni {Grosz}
52%
Varius Manx - Piosenka {Księżycowa}
45%
Dżem - Naiwne {Pytania}
31%
Mafia - Imię {Deszczu}
27%
Kult - Brooklyńska Rada {Żydów}
11%

Rozkład punktacji

Percentyl według liczby udzielonych odpowiedzi

Procent ludzi z każdym wynikiem

Twoja historia wyników

Nie rozwiązałeś tego quizu